Catálogo público

Durum wheat : chemistry and technology / (Record no. 170524)

MARC details
000 -CABECERA
campo de control de longitud fija 00771nam a2200265Ia 4500
001 - NÚMERO DE CONTROL
campo de control dia_93
003 - IDENTIFICADOR DEL NÚMERO DE CONTROL
campo de control CHAP
005 - FECHA Y HORA DE LA ÚLTIMA TRANSACCIÓN
campo de control 20221207114033.0
008 - DATOS DE LONGITUD FIJA--INFORMACIÓN GENERAL
campo de control de longitud fija 220117s1988 xx 000 0 und d
010 ## - NÚMERO DE CONTROL DE LA BIBLIOTECA DEL CONGRESO
Número de control de LC 170524
020 ## - NÚMERO INTERNACIONAL ESTÁNDAR DEL LIBRO
Número Internacional Estándar del Libro 0-913250-50-3
040 ## - FUENTE DE LA CATALOGACIÓN
Centro/agencia transcriptor CHAP
082 ## - NÚMERO DE LA CLASIFICACIÓN DECIMAL DEWEY
Número de clasificación 633.1 F3
100 ## - ENTRADA PRINCIPAL--NOMBRE DE PERSONA
Nombre de persona Fabriani, Giuseppe
9 (RLIN) 147169
245 ## - MENCIÓN DE TÍTULO
Título Durum wheat : chemistry and technology /
Mención de responsabilidad, etc. Giuseppe Fabriani y Claudia Lintas
260 ## - PUBLICACIÓN, DISTRIBUCIÓN, ETC.
Lugar de publicación, distribución, etc. St. Paul, Minnesota, USA :
Nombre del editor, distribuidor, etc. American Association Of Cereal Chemists,
Fecha de publicación, distribución, etc. 1988
300 ## - DESCRIPCIÓN FÍSICA
Extensión 332 p
500 ## - NOTA GENERAL
Nota general I. 209969
650 ## - PUNTO DE ACCESO ADICIONAL DE MATERIA--TÉRMINO DE MATERIA
Término de materia o nombre geográfico como elemento de entrada Trigo
9 (RLIN) 114954
650 ## - PUNTO DE ACCESO ADICIONAL DE MATERIA--TÉRMINO DE MATERIA
Término de materia o nombre geográfico como elemento de entrada Trigo
Subdivisión general Química
9 (RLIN) 147170
901 ## - ELEMENTOS DE DATOS A LOCAL LDA (RLIN)
a 633.1 F3
902 ## - ELEMENTOS DE DATOS B LOCAL, LDB (RLIN)
a M
905 ## - ELEMENTOS DE DATOS E LOCAL, LDE (RLIN)
a 0000001988 enk 0000000000eng00
942 ## - ELEMENTOS DE PUNTO DE ACCESO ADICIONAL (KOHA)
Tipo de ítem Koha Libro
Fuente del sistema de clasificación o colocación Dewey Decimal Classification
Holdings
Estado de retiro Estado de pérdida Fuente del sistema de clasificación o colocación Estado dañado No para préstamo Código de colección Localización permanente Ubicación/localización actual Fecha de adquisición Información codificada de la localización en otra ubicación Total de préstamos Signatura topográfica completa Código de barras Fecha visto por última vez Número de copia Precio válido a partir de Tipo de ítem Koha
    Dewey Decimal Classification     General Ingenieria Agroindustrial Ingenieria Agroindustrial 18/01/2022 1   633.1 F3 dia_4956 18/01/2022 1 18/01/2022 Libro